KOHA-Header-6

Great Air Battles of Pakistan Air Force (Record no. 13520)

000 -LEADER
fixed length control field 00363nam a22001457a 4500
020 ## - INTERNATIONAL STANDARD BOOK NUMBER
ISBN 9690018922
020 ## - INTERNATIONAL STANDARD BOOK NUMBER
ISBN 9789690018922
082 ## - DEWEY DECIMAL CLASSIFICATION NUMBER
Classification number 358.400
Item number TUF
100 ## - MAIN ENTRY--AUTHOR NAME
Personal name M kaiser Tufail
245 ## - TITLE STATEMENT
Title Great Air Battles of Pakistan Air Force
260 ## - PUBLICATION, DISTRIBUTION, ETC. (IMPRINT)
Place of publication Lahore
Name of publisher Ferozsons
Year of publication 2005
300 ## - PHYSICAL DESCRIPTION
Number of Pages 140 pages
650 ## - SUBJECT ADDED ENTRY--TOPICAL TERM
Topical Term Pakistan, Airforce, armed forces
942 ## - ADDED ENTRY ELEMENTS (KOHA)
Koha item type Books
Holdings
Withdrawn status Lost status Collection code Permanent Location Current Location Shelving location Date acquired Full call number Accession Number Koha item type
    Pakistan Studies / History MAJU MAJU Shelf No.A30 2022-12-07 358.400 TUF 10614 Books

Powered by Koha